<?xml version="1.0" encoding="UTF-8"?>
<record
    xmlns:xsi="http://www.w3.org/2001/XMLSchema-instance"
    xsi:schemaLocation="http://www.loc.gov/MARC21/slim http://www.loc.gov/standards/marcxml/schema/MARC21slim.xsd"
    xmlns="http://www.loc.gov/MARC21/slim">

  <leader>01464nam a22002657a 4500</leader>
  <controlfield tag="005">20100609111028.0</controlfield>
  <controlfield tag="008">100609t        xxu||||| |||| 00| 0 hin d</controlfield>
  <datafield tag="010" ind1=" " ind2=" ">
    <subfield code="a">HIN-89524</subfield>
  </datafield>
  <datafield tag="020" ind1=" " ind2=" ">
    <subfield code="c">200.00</subfield>
    <subfield code="a">9789380044330</subfield>
  </datafield>
  <datafield tag="035" ind1=" " ind2=" ">
    <subfield code="a">HN-61870</subfield>
  </datafield>
  <datafield tag="037" ind1=" " ind2=" ">
    <subfield code="b">DBAD / PUB</subfield>
  </datafield>
  <datafield tag="040" ind1=" " ind2=" ">
    <subfield code="a">DPL</subfield>
    <subfield code="b">HN</subfield>
  </datafield>
  <datafield tag="082" ind1=" " ind2=" ">
    <subfield code="a">821</subfield>
  </datafield>
  <datafield tag="100" ind1=" " ind2=" ">
    <subfield code="a">&#x92E;&#x902;&#x921;&#x932;&#x94B;&#x908;, &#x932;&#x940;&#x932;&#x93E;&#x927;&#x930;</subfield>
    <subfield code="9">21049</subfield>
  </datafield>
  <datafield tag="245" ind1=" " ind2=" ">
    <subfield code="a">&#x90F;&#x915; &#x92C;&#x939;&#x941;&#x924; &#x915;&#x94B;&#x92E;&#x932; &#x924;&#x93E;&#x928;&#x903;</subfield>
    <subfield code="c">&#x932;&#x940;&#x932;&#x93E;&#x927;&#x930; &#x92E;&#x902;&#x921;&#x932;&#x94B;&#x908;</subfield>
    <subfield code="b">(&#x915;&#x935;&#x93F;&#x924;&#x93E;-&#x938;&#x902;&#x917;&#x94D;&#x930;&#x939;) /</subfield>
  </datafield>
  <datafield tag="246" ind1=" " ind2=" ">
    <subfield code="a">Ek bahut komal taan:</subfield>
    <subfield code="b">by Leeladhar Mandloi</subfield>
  </datafield>
  <datafield tag="260" ind1=" " ind2=" ">
    <subfield code="a">&#x917;&#x93E;&#x91C;&#x93F;&#x92F;&#x93E;&#x92C;&#x93E;&#x926;</subfield>
    <subfield code="b">&#x905;&#x902;&#x924;&#x93F;&#x915;&#x93E; &#x92A;&#x94D;&#x930;&#x915;&#x93E;&#x936;&#x928;</subfield>
    <subfield code="c">2010</subfield>
  </datafield>
  <datafield tag="270" ind1=" " ind2=" ">
    <subfield code="a">&#x938;&#x940;-56/&#x92F;&#x942;&#x91C;&#x940;&#x938;&#x940;-4, &#x936;&#x93E;&#x932;&#x940;&#x92E;&#x93E;&#x930; &#x917;&#x93E;&#x930;&#x94D;&#x921;&#x928; &#x90F;&#x915;&#x94D;&#x938;&#x91F;&#x947;&#x902;&#x936;&#x928;-11</subfield>
    <subfield code="b">&#x917;&#x93E;&#x91C;&#x93F;&#x92F;&#x93E;&#x92C;&#x93E;&#x926;</subfield>
    <subfield code="e">201005 (&#x909;.&#x92A;&#x94D;&#x930;.)</subfield>
    <subfield code="k">0120 6475212</subfield>
    <subfield code="m">antika56@gmail.com</subfield>
  </datafield>
  <datafield tag="300" ind1=" " ind2=" ">
    <subfield code="a">128&#x92A;&#x943;</subfield>
    <subfield code="c">22&#x938;&#x947;&#x92E;&#x940; (&#x938;&#x91C;&#x93F;&#x932;&#x94D;&#x926;)</subfield>
  </datafield>
  <datafield tag="500" ind1=" " ind2=" ">
    <subfield code="a">&#x938;&#x92E;&#x93E;&#x928; ISBN 9788190440660 &#x936;&#x940;&#x930;&#x94D;&#x937;&#x915; &#x92D;&#x93E;&#x930;&#x924; &#x92E;&#x947;&#x902; &#x92E;&#x939;&#x93F;&#x932;&#x93E; &#x905;&#x927;&#x93F;&#x915;&#x93E;&#x930;&#x94B;&#x902; &#x915;&#x93E; &#x935;&#x930;&#x94D;&#x924;&#x92E;&#x93E;&#x928; &#x92A;&#x930;&#x93F;&#x926;&#x943;&#x936;&#x94D;&#x92F; &#x90F;&#x902;&#x935; &#x92C;&#x922;&#x924;&#x947; &#x939;&#x941;&#x90F; &#x905;&#x924;&#x94D;&#x92F;&#x93E;&#x91A;&#x93E;&#x930;?</subfield>
  </datafield>
  <datafield tag="650" ind1=" " ind2=" ">
    <subfield code="a">&#x939;&#x93F;&#x928;&#x94D;&#x926;&#x940; &#x915;&#x935;&#x93F;&#x924;&#x93E;</subfield>
    <subfield code="9">697</subfield>
  </datafield>
  <datafield tag="650" ind1=" " ind2=" ">
    <subfield code="a">Hindi Poetry</subfield>
    <subfield code="9">698</subfield>
  </datafield>
  <datafield tag="942" ind1=" " ind2=" ">
    <subfield code="2">ddc</subfield>
    <subfield code="c">HN</subfield>
    <subfield code="m">&#x92E;&#x902;&#x921;&#x932;&#x94B;</subfield>
    <subfield code="h">821</subfield>
  </datafield>
  <datafield tag="999" ind1=" " ind2=" ">
    <subfield code="c">36641</subfield>
    <subfield code="d">36641</subfield>
  </datafield>
  <datafield tag="952" ind1=" " ind2=" ">
    <subfield code="0">0</subfield>
    <subfield code="1">0</subfield>
    <subfield code="2">ddc</subfield>
    <subfield code="4">0</subfield>
    <subfield code="7">1</subfield>
    <subfield code="8">NFIC</subfield>
    <subfield code="a">DBAD</subfield>
    <subfield code="b">DBAD</subfield>
    <subfield code="d">2010-06-09</subfield>
    <subfield code="e">DBAD / PUB</subfield>
    <subfield code="g">200.00</subfield>
    <subfield code="l">0</subfield>
    <subfield code="o">821 &#x92E;&#x902;&#x921;&#x932;&#x94B;</subfield>
    <subfield code="p">HN-61870</subfield>
    <subfield code="r">2010-06-09 00:00:00</subfield>
    <subfield code="t">1</subfield>
    <subfield code="v">200.00</subfield>
    <subfield code="w">2010-06-09</subfield>
    <subfield code="y">HN</subfield>
  </datafield>
</record>
